Editing and publication A training manual

Сохранить в:
Библиографические подробности
Главный автор: Ian Montagnes
Формат:
Язык:Undetermined
Опубликовано: Manila, Philippines IRRI 1991
Предметы:
Метки: Добавить метку
Нет меток, Требуется 1-ая метка записи!
Thư viện lưu trữ: Trung tâm Học liệu Trường Đại học Cần Thơ
LEADER 00537nam a2200193Ia 4500
001 CTU_25734
008 210402s9999 xx 000 0 und d
082 |a 070.4 
082 |b M761t/1991 
100 |a Ian Montagnes 
245 0 |a Editing and publication 
245 2 |b A training manual 
245 0 |c Ian Montagnes 
260 |a Manila, Philippines 
260 |b IRRI 
260 |c 1991 
650 |a science publishing,teaching - aids and devices 
904 |i Minh, 980929 
980 |a Trung tâm Học liệu Trường Đại học Cần Thơ